| 000 | 00633nam a2200205 a 4500 | ||
|---|---|---|---|
| 001 | 65011 | ||
| 003 | BD-RjUL | ||
| 005 | 20211209081358.0 | ||
| 008 | 170226s1955 iq ||||| |||| 00| 0 eng d | ||
| 035 | _a(BD-RjUL)65141 | ||
| 040 |
_aBD-RjUL _beng _cBD-RjUL _deng |
||
| 041 | _aeng | ||
| 082 |
_223 _a956.67 _bWAK 1955 |
||
| 100 | 1 |
_aWaheid, A., sheikh _9192699 |
|
| 245 |
_aThe Kurds and their country : _b a history of the Kurdish people (from earliest times to the present) / _csheikh, Waheid A. |
||
| 260 |
_aBaghdad : _bMessrs, _c1955 |
||
| 300 |
_axii, 187 p. ; _c17 cm. |
||
| 651 |
_aKurds _xHistory. _9192700 |
||
| 942 |
_2ddc _cBK |
||
| 999 |
_c65011 _d65011 |
||